[Event "Karposh Open 2015"]
[Site "Skopje MKD"]
[Date "2015.04.01"]
[Round "7.1"]
[White "Kozul, Zdenko"]
[Black "Georgiev, Kiril"]
[Result "1/2-1/2"]
[WhiteElo "2630"]
[BlackElo "2623"]
[PlyCount "41"]
[EventDate "2015.03.27"]
[EventType "swiss"]
[EventRounds "9"]
[EventCountry "MKD"]
[Source "lmi"]
[SourceDate "2015.03.27"]

1. d4 Nf6 2. c4 e6 3. Nf3 Bb4+ 4. Nbd2 a5 5. e3 d5 6. Bd3 b6 7. O-O Bb7 8. Qa4+
Qd7 9. Qc2 O-O 10. cxd5 exd5 11. a3 Bd6 12. e4 dxe4 13. Nxe4 Nxe4 14. Bxe4 Bxe4
15. Qxe4 Nc6 16. Ng5 f5 17. Qd5+ Kh8 18. Bf4 Ne7 19. Nf7+ Kg8 20. Nh6+ Kh8 21.
Nf7+ 1/2-1/2

[Event "Karposh Open 2015"]
[Site "Skopje MKD"]
[Date "2015.04.01"]
[Round "7.2"]
[White "Stanojoski, Zvonko"]
[Black "Ivanisevic, Ivan"]
[Result "0-1"]
[WhiteElo "2418"]
[BlackElo "2638"]
[PlyCount "76"]
[EventDate "2015.03.27"]
[EventType "swiss"]
[EventRounds "9"]
[EventCountry "MKD"]
[Source "lmi"]
[SourceDate "2015.03.27"]

1. e4 c5 2. Nf3 e6 3. d4 cxd4 4. Nxd4 Nc6 5. Nc3 Qc7 6. g3 a6 7. Bg2 Nf6 8. O-O
h5 9. Nb3 h4 10. Bf4 d6 11. a4 Ne5 12. a5 Bd7 13. Re1 Rc8 14. Qd4 Be7 15. Bg5
h3 16. Bh1 Rh5 17. f4 Rxg5 18. fxg5 Nfg4 19. Qd2 Qb8 20. Na4 Nc4 21. Qc3 Qa7+
22. Qd4 Qxd4+ 23. Nxd4 Bxg5 24. c3 Bxa4 25. Rxa4 Nxb2 26. Ra2 Nd3 27. Rb1 Rxc3
28. Nf3 Be3+ 29. Kf1 Bc5 30. e5 Ne3+ 31. Ke2 Nc1+ 32. Rxc1 Rxc1 33. Ne1 d5 34.
Bf3 Rb1 35. Nd3 Ba7 36. Nf2 Nc4 37. Nd3 Bd4 38. Bg4 Nxe5 0-1

[Event "Karposh Open 2015"]
[Site "Skopje MKD"]
[Date "2015.04.01"]
[Round "7.3"]
[White "Santiago, Yago De Moura"]
[Black "Tkachiev, Vladislav"]
[Result "0-1"]
[WhiteElo "2410"]
[BlackElo "2634"]
[PlyCount "86"]
[EventDate "2015.03.27"]
[EventType "swiss"]
[EventRounds "9"]
[EventCountry "MKD"]
[Source "lmi"]
[SourceDate "2015.03.27"]

1. d4 Nf6 2. c4 e6 3. Nc3 Bb4 4. f3 O-O 5. a3 Bxc3+ 6. bxc3 c5 7. e4 Nc6 8. Be3
Qa5 9. Qd2 cxd4 10. cxd4 Qxd2+ 11. Kxd2 Na5 12. Rb1 d6 13. Bd3 b6 14. c5 d5 15.
Ne2 bxc5 16. Rb5 cxd4 17. Nxd4 Nb7 18. Nc6 dxe4 19. fxe4 Re8 20. Nxa7 Nd6 21.
Rb4 Bb7 22. e5 Bxg2 23. Rc1 Nde4+ 24. Bxe4 Nxe4+ 25. Ke2 f5 26. Rc7 Rf8 27. Ke1
Rf7 28. Rxf7 Kxf7 29. a4 Rd8 30. Rd4 Rb8 31. Nb5 g5 32. Rd7+ Kg6 33. Ba7 Rc8
34. Nc7 f4 35. a5 g4 36. a6 Ng5 37. Kf2 Bc6 38. Re7 Rd8 39. Bc5 Rd2+ 40. Ke1
Nf3+ 41. Kf1 Nxh2+ 42. Ke1 Nf3+ 43. Kf1 g3 0-1

[Event "Karposh Open 2015"]
[Site "Skopje MKD"]
[Date "2015.04.01"]
[Round "7.4"]
[White "Markus, Robert"]
[Black "Kazhgaleyev, Murtas"]
[Result "1/2-1/2"]
[WhiteElo "2615"]
[BlackElo "2561"]
[PlyCount "45"]
[EventDate "2015.03.27"]
[EventType "swiss"]
[EventRounds "9"]
[EventCountry "MKD"]
[Source "lmi"]
[SourceDate "2015.03.27"]

1. Nf3 Nf6 2. g3 b5 3. Bg2 Bb7 4. O-O c5 5. d3 d6 6. c3 e6 7. b4 cxb4 8. cxb4
d5 9. a4 a6 10. axb5 axb5 11. Rxa8 Bxa8 12. Na3 Bxb4 13. Nxb5 O-O 14. Qa4 Nc6
15. Bf4 Qa5 16. Qxa5 Bxa5 17. Ra1 Nd7 18. e3 h6 19. d4 Bb4 20. Ne1 g5 21. Bc7
Rc8 22. Nd3 Bf8 23. g4 1/2-1/2

[Event "Karposh Open 2015"]
[Site "Skopje MKD"]
[Date "2015.04.01"]
[Round "7.5"]
[White "Fier, Alexandr"]
[Black "Antic, Dejan"]
[Result "1-0"]
[WhiteElo "2601"]
[BlackElo "2457"]
[PlyCount "117"]
[EventDate "2015.03.27"]
[EventType "swiss"]
[EventRounds "9"]
[EventCountry "MKD"]
[Source "lmi"]
[SourceDate "2015.03.27"]

1. d4 e6 2. c4 Bb4+ 3. Bd2 a5 4. Nc3 d5 5. a3 Bxc3 6. bxc3 Nf6 7. Bg5 O-O 8. e3
b6 9. cxd5 exd5 10. Qf3 Nbd7 11. Bb5 h6 12. h4 c6 13. Bd3 Qe8 14. Bf4 Ne4 15.
g4 f6 16. Ne2 Ba6 17. Bxa6 Rxa6 18. Qg2 Qe6 19. f3 Nd6 20. g5 fxg5 21. hxg5
Rxf4 22. exf4 Nf5 23. gxh6 g6 24. Kf2 Kh7 25. Rae1 Qe3+ 26. Kf1 Ra8 27. Ng3 Re8
28. Rxe3 Nxe3+ 29. Kf2 Nxg2 30. Kxg2 Re3 31. f5 Nf6 32. fxg6+ Kxg6 33. Rc1 Rd3
34. Re1 Rxc3 35. Re6 Kf7 36. Rd6 c5 37. Nf5 cxd4 38. Nxd4 Rxa3 39. Rxb6 Re3 40.
Kg3 Re7 41. Nc6 Re8 42. Kf4 d4 43. Kf5 Nd5 44. Rb7+ Kg8 45. Nxd4 Re7 46. Rb5
Nc7 47. Rxa5 Rd7 48. Ke5 Re7+ 49. Kf6 Rd7 50. Nf5 Kh7 51. Re5 Na6 52. Kg5 Nc7
53. Ne3 Kh8 54. f4 Rd8 55. f5 Rg8+ 56. Kf4 Ne8 57. Re6 Rf8 58. Nd5 Kh7 59. Rxe8
1-0

[Event "Karposh Open 2015"]
[Site "Skopje MKD"]
[Date "2015.04.01"]
[Round "7.6"]
[White "Arat, Ufuk Sezen"]
[Black "Kraemer, Martin"]
[Result "1/2-1/2"]
[WhiteElo "2361"]
[BlackElo "2577"]
[PlyCount "74"]
[EventDate "2015.03.27"]
[EventType "swiss"]
[EventRounds "9"]
[EventCountry "MKD"]
[Source "lmi"]
[SourceDate "2015.03.27"]

1. d4 Nf6 2. c4 e6 3. Nc3 d5 4. Bg5 Be7 5. Nf3 h6 6. Bh4 O-O 7. e3 b6 8. cxd5
Nxd5 9. Bxe7 Qxe7 10. Nxd5 exd5 11. Be2 Be6 12. O-O c5 13. dxc5 bxc5 14. Rc1
Nd7 15. Qa4 Rfc8 16. Ba6 Rc7 17. Qf4 Nb8 18. Be2 Rb7 19. b3 a5 20. Ne5 a4 21.
Bf3 axb3 22. axb3 Nd7 23. Rfd1 Nf6 24. Nd3 Rc8 25. Qa4 Rbc7 26. Nf4 Rd8 27. h3
Rcd7 28. Qc6 Rc7 29. Qb6 Rcc8 30. Qa5 Rd7 31. Qc3 Rdd8 32. Qe5 Kf8 33. Qc3 Kg8
34. Qe5 Kf8 35. Qc3 Kg8 36. Qe5 Kf8 37. Qc3 Kg8 1/2-1/2

[Event "Karposh Open 2015"]
[Site "Skopje MKD"]
[Date "2015.04.01"]
[Round "7.7"]
[White "Perunovic, Milos"]
[Black "Abramovic, Bosko"]
[Result "1-0"]
[WhiteElo "2632"]
[BlackElo "2462"]
[PlyCount "107"]
[EventDate "2015.03.27"]
[EventType "swiss"]
[EventRounds "9"]
[EventCountry "MKD"]
[Source "lmi"]
[SourceDate "2015.03.27"]

1. e4 c5 2. Nf3 Nc6 3. d4 cxd4 4. Nxd4 e6 5. Nc3 a6 6. Bf4 d6 7. Nxc6 bxc6 8.
Qd2 e5 9. Bg5 Ne7 10. O-O-O h6 11. Be3 Ng6 12. h4 Be7 13. h5 Nf8 14. g3 Nd7 15.
Bh3 Nb6 16. Bxc8 Rxc8 17. Qe2 Ra8 18. Kb1 O-O 19. f4 Qc7 20. Rhf1 a5 21. g4
exf4 22. Bxf4 Nd7 23. Qd2 Ne5 24. Bxe5 dxe5 25. Qd7 Rac8 26. Na4 Bg5 27. Qxc7
Rxc7 28. Nb6 Bf4 29. a4 g6 30. hxg6 fxg6 31. Rd6 Kg7 32. Nc4 Rf6 33. Rd8 Ra7
34. c3 Rff7 35. Kc2 Bg3 36. Rxf7+ Kxf7 37. Kd3 Kf6 38. Rd6+ Kg5 39. Rxc6 Rg7
40. b4 Kxg4 41. b5 h5 42. b6 h4 43. Rc7 Rg8 44. b7 Rb8 45. Rh7 h3 46. Ne3+ Kf4
47. Rf7+ Kg5 48. Nf1 Bf4 49. c4 h2 50. Nxh2 Bxh2 51. c5 Bg1 52. c6 Bb6 53. Kc4
Kg4 54. Kb5 1-0

[Event "Karposh Open 2015"]
[Site "Skopje MKD"]
[Date "2015.04.01"]
[Round "7.8"]
[White "Arnaudov, G. Petar"]
[Black "Nabaty, Tamir"]
[Result "1/2-1/2"]
[WhiteElo "2461"]
[BlackElo "2590"]
[PlyCount "53"]
[EventDate "2015.03.27"]
[EventType "swiss"]
[EventRounds "9"]
[EventCountry "MKD"]
[Source "lmi"]
[SourceDate "2015.03.27"]

1. d4 Nf6 2. c4 e6 3. Nc3 d5 4. Nf3 c6 5. g3 dxc4 6. Bg2 b5 7. O-O Bb7 8. e4 h6
9. a4 a6 10. Ne5 Be7 11. d5 cxd5 12. exd5 exd5 13. axb5 axb5 14. Rxa8 Bxa8 15.
Nxb5 Nc6 16. Ng4 Nxg4 17. Qxg4 O-O 18. Qh5 d4 19. Bf4 d3 20. Nc7 Bg5 21. Nxa8
Qxa8 22. Bxg5 hxg5 23. Be4 g6 24. Bxg6 fxg6 25. Qxg6+ Kh8 26. Qh6+ Kg8 27. Qg6+
1/2-1/2

[Event "Karposh Open 2015"]
[Site "Skopje MKD"]
[Date "2015.04.01"]
[Round "7.9"]
[White "Kapnisis, Spyridon"]
[Black "Damljanovic, Branko"]
[Result "0-1"]
[WhiteElo "2455"]
[BlackElo "2562"]
[PlyCount "100"]
[EventDate "2015.03.27"]
[EventType "swiss"]
[EventRounds "9"]
[EventCountry "MKD"]
[Source "lmi"]
[SourceDate "2015.03.27"]

1. e4 c5 2. Nf3 e6 3. d4 cxd4 4. Nxd4 Nf6 5. Nc3 d6 6. Be3 Be7 7. f3 h5 8. Bc4
Nc6 9. Bb3 a6 10. Qe2 Na5 11. O-O-O Nxb3+ 12. cxb3 Bd7 13. Kb1 Rc8 14. Bg5 b5
15. f4 b4 16. Na4 Qa5 17. Rc1 O-O 18. e5 dxe5 19. fxe5 Nd5 20. Bxe7 Nxe7 21.
Qxh5 Bxa4 22. bxa4 Qxa4 23. Qg5 Rxc1+ 24. Rxc1 Qd7 25. Nf3 Qd3+ 26. Ka1 Nf5 27.
Qd2 Qxd2 28. Nxd2 Ne3 29. g3 Rd8 30. Nf3 a5 31. b3 Kf8 32. Ng5 Ke8 33. Ne4 Ng4
34. Rc5 Rd5 35. Nd6+ Kd7 36. Rxd5 exd5 37. Nxf7 Nxh2 38. Kb2 Nf3 39. Kc2 Ke7
40. e6 Kxe6 41. Nd8+ Kd7 42. Nb7 Kc7 43. Nc5 Ng5 44. Nd3 Kd6 45. Nf4 Ne4 46.
Ne2 Ke5 47. Kd3 Nc5+ 48. Ke3 Ne6 49. Kd3 g5 50. Ke3 d4+ 0-1

[Event "Karposh Open 2015"]
[Site "Skopje MKD"]
[Date "2015.03.30"]
[Round "5.40"]
[White "Baglan, Esat"]
[Black "Percivaldi, Martin"]
[Result "1/2-1/2"]
[WhiteElo "2134"]
[BlackElo "2344"]
[PlyCount "74"]
[EventDate "2015.03.27"]
[EventType "swiss"]
[EventRounds "9"]
[EventCountry "MKD"]
[Source "lmi"]
[SourceDate "2015.03.27"]

1. e4 d5 2. exd5 Qxd5 3. Nc3 Qa5 4. d4 c6 5. Nf3 Bf5 6. Bc4 e6 7. Bd2 Nd7 8.
Qe2 Bb4 9. O-O Ngf6 10. Rfe1 O-O 11. a3 Bxc3 12. Bxc3 Qc7 13. Bd2 Nd5 14. Bd3
Nf4 15. Bxf4 Qxf4 16. Bxf5 Qxf5 17. c3 Rfd8 18. Rad1 a5 19. Ne5 a4 20. Rd2 h6
21. h3 Nxe5 22. Qxe5 Qxe5 23. Rxe5 Rd5 24. Rxd5 cxd5 25. Kf1 g5 26. Ke2 Ra5 27.
Kf3 Kg7 28. h4 Kg6 29. hxg5 hxg5 30. Ke3 Ra8 31. Rc2 Rc8 32. Rc1 Rc6 33. Kd3
Rb6 34. Kc2 f6 35. Rh1 Kg7 36. Re1 Rc6 37. Kd3 Rb6 1/2-1/2

[Event "Karposh Open 2015"]
[Site "Skopje MKD"]
[Date "2015.03.30"]
[Round "5.41"]
[White "Emiroglu, Cankut"]
[Black "Eric, Jovana"]
[Result "1-0"]
[WhiteElo "2338"]
[BlackElo "2166"]
[PlyCount "137"]
[EventDate "2015.03.27"]
[EventType "swiss"]
[EventRounds "9"]
[EventCountry "MKD"]
[Source "lmi"]
[SourceDate "2015.03.27"]

1. e4 c5 2. Nf3 Nc6 3. Bb5 g6 4. Bxc6 bxc6 5. d3 Bg7 6. O-O d6 7. Re1 e5 8. c3
Bg4 9. h3 Bxf3 10. Qxf3 Ne7 11. Bg5 O-O 12. Bf6 Rb8 13. Re2 Qd7 14. Na3 Qe6 15.
Bxe7 Qxe7 16. Nc4 Qe6 17. a3 f6 18. b4 d5 19. Ne3 d4 20. cxd4 cxd4 21. Nc4 c5
22. Rb2 Rb5 23. Rab1 Rfb8 24. bxc5 Rxb2 25. Rxb2 Rxb2 26. Nxb2 Bf8 27. Nc4 Bxc5
28. Qe2 Kg7 29. Qb2 Qe7 30. f3 h5 31. Qb3 h4 32. Kf1 Qc7 33. Ke2 Kh6 34. Qb5
Qe7 35. a4 Kg7 36. Qb8 Bb4 37. f4 exf4 38. Qxf4 Qd7 39. e5 Be7 40. a5 Qd5 41.
Qf3 Qb5 42. Qe4 Qc5 43. Kf3 f5 44. Qb7 Kf7 45. Qd7 Kf8 46. Qe6 Kg7 47. Qd7 Kf8
48. a6 Kg7 49. Kf4 Kh6 50. Kf3 Kg7 51. Qb7 Kh6 52. Qd7 Kg7 53. Qe6 Qc7 54. g3
hxg3 55. Kxg3 Qc5 56. Nd6 Bxd6 57. exd6 Qc1 58. Qe7+ Kh6 59. Qh4+ Kg7 60. Qxd4+
Kh7 61. Qxa7+ Kh6 62. Qf2 g5 63. a7 Qc6 64. Qf3 f4+ 65. Kg2 Qc2+ 66. Kh1 Qc1+
67. Kh2 Qb2+ 68. Qg2 Qe5 69. d4 1-0

[Event "Karposh Open 2015"]
[Site "Skopje MKD"]
[Date "2015.03.30"]
[Round "5.42"]
[White "Akhmetov, Ayan"]
[Black "Hrisomalis, Theodoros"]
[Result "1-0"]
[WhiteElo "2335"]
[BlackElo "2138"]
[PlyCount "137"]
[EventDate "2015.03.27"]
[EventType "swiss"]
[EventRounds "9"]
[EventCountry "MKD"]
[Source "lmi"]
[SourceDate "2015.03.27"]

1. e4 e5 2. Nc3 Nc6 3. g3 Bc5 4. Bg2 a6 5. Nge2 Nf6 6. O-O O-O 7. d3 h6 8. h3
b5 9. Kh2 b4 10. Nd5 Nxd5 11. exd5 Ne7 12. d4 exd4 13. Nxd4 d6 14. Be3 Bb7 15.
Qh5 Qd7 16. Rad1 Rae8 17. Rfe1 a5 18. f4 Bxd4 19. Bxd4 Qf5 20. Qxf5 Nxf5 21.
Bf2 g6 22. a3 bxa3 23. bxa3 Ba6 24. Bf3 Bb5 25. g4 Ng7 26. Rb1 Ba4 27. c4 Rb8
28. c5 Rb3 29. Rxb3 Bxb3 30. cxd6 cxd6 31. Bb6 Ra8 32. Re3 a4 33. Rc3 Kf8 34.
Kg3 Ne8 35. Rc6 Ke7 36. g5 hxg5 37. fxg5 Rb8 38. Kf4 Rb7 39. h4 f6 40. Be4 f5
41. Bf3 Ng7 42. Bd4 Nh5+ 43. Bxh5 gxh5 44. Kxf5 Bxd5 45. Ra6 Bb3 46. Kg6 Bd1
47. Kh6 Rb3 48. Rxa4 Ke6 49. Bf6 d5 50. Ra6+ Kf5 51. g6 Rg3 52. Bg5 d4 53. g7
Bb3 54. Ra8 Rc3 55. Rf8+ Ke4 56. g8=Q Bxg8 57. Rxg8 Rxa3 58. Kxh5 Kf5 59. Rf8+
Ke6 60. Kg6 Rg3 61. h5 d3 62. Rd8 Rf3 63. h6 d2 64. Rxd2 Rf6+ 65. Kh5 Rf7 66.
Re2+ Kf5 67. Rf2+ Ke6 68. Rxf7 Kxf7 69. Bc1 1-0

[Event "Karposh Open 2015"]
[Site "Skopje MKD"]
[Date "2015.03.30"]
[Round "5.43"]
[White "Theodorou, Nikolas"]
[Black "Vidic, Miha"]
[Result "1-0"]
[WhiteElo "2334"]
[BlackElo "2112"]
[PlyCount "191"]
[EventDate "2015.03.27"]
[EventType "swiss"]
[EventRounds "9"]
[EventCountry "MKD"]
[Source "lmi"]
[SourceDate "2015.03.27"]

1. d4 d5 2. c4 dxc4 3. Nf3 Nf6 4. e3 e6 5. Bxc4 c5 6. O-O a6 7. dxc5 Qxd1 8.
Rxd1 Bxc5 9. Be2 Ke7 10. Ne5 Nbd7 11. Nd3 Bd6 12. Nd2 b5 13. Bf3 Rb8 14. a4 Bb7
15. axb5 Bxf3 16. Nxf3 axb5 17. Ra7 Rhc8 18. Nd4 Ke8 19. Ra6 Bf8 20. Ra5 b4 21.
Bd2 Nc5 22. Ne5 Nd5 23. f3 Nb7 24. Rb5 Nc7 25. Rb6 Bc5 26. Rxb4 Bxb4 27. Bxb4
Nd5 28. Bd2 Nd8 29. e4 Nb4 30. b3 Nbc6 31. Ndxc6 Nxc6 32. Bf4 Nxe5 33. Bxe5
Rxb3 34. Bxg7 Rd8 35. Rc1 Rd2 36. Bc3 Ra2 37. h4 Rb6 38. Bf6 Kd7 39. Kh2 Rc6
40. Rd1+ Rd6 41. Rg1 Rdd2 42. Kh3 h5 43. g4 Rh2+ 44. Kg3 hxg4 45. Rd1+ Kc7 46.
fxg4 Raf2 47. Rg1 Kd7 48. h5 e5 49. Bxe5 Ke6 50. Bg7 f6 51. h6 Kf7 52. e5 fxe5
53. Bxe5 Kg6 54. g5 Kxg5 55. h7 Rxh7 56. Kxf2+ Kf5 57. Bd4 Ke4 58. Be3 Rh2+ 59.
Kg3 Rh7 60. Re1 Kd3 61. Bf4 Kd4 62. Re8 Kd5 63. Kf3 Rh3+ 64. Bg3 Rh1 65. Rd8+
Ke6 66. Ke4 Rb1 67. Rd6+ Ke7 68. Ra6 Rb2 69. Bf4 Re2+ 70. Kf5 Kd7 71. Rd6+ Ke7
72. Rd1 Ra2 73. Bg5+ Kf7 74. Rd7+ Ke8 75. Re7+ Kf8 76. Kg6 Rf2 77. Re4 Rg2 78.
Rd4 Re2 79. Rd1 Re6+ 80. Bf6 Re2 81. Rh1 Ke8 82. Rd1 Kf8 83. Kf5 Kf7 84. Rd7+
Ke8 85. Rb7 Kf8 86. Be5 Ke8 87. Ke6 Rd2 88. Rb1 Rd3 89. Rh1 Rf3 90. Rh4 Rf2 91.
Rh3 Rf1 92. Rg3 Rf2 93. Rg4 Rf1 94. Bg3 Kf8 95. Bd6+ Ke8 96. Rg8+ 1-0

[Event "Karposh Open 2015"]
[Site "Skopje MKD"]
[Date "2015.03.30"]
[Round "5.44"]
[White "Gokerkan, Cem Kaan"]
[Black "Vucinic, Gojko"]
[Result "0-1"]
[WhiteElo "2092"]
[BlackElo "2320"]
[PlyCount "61"]
[EventDate "2015.03.27"]
[EventType "swiss"]
[EventRounds "9"]
[EventCountry "MKD"]
[Source "lmi"]
[SourceDate "2015.03.27"]

1. e4 c5 2. c3 e6 3. d4 d5 4. exd5 exd5 5. Nf3 a6 6. Be2 Nc6 7. O-O Bd6 8. dxc5
Bxc5 9. Nbd2 Nge7 10. Nb3 Ba7 11. Nfd4 O-O 12. Be3 Ne5 13. Nc2 Bb8 14. Bc5 Re8
15. Ne3 N5g6 16. Bf3 Be6 17. Re1 Bc7 18. g3 Rc8 19. Bg2 Bb8 20. Ba3 Ne5 21. Nd4
N7c6 22. Ne2 Ba7 23. Nf4 d4 24. Nxe6 Rxe6 25. cxd4 Bxd4 26. Nf5 Bxf2+ 27. Kh1
Bxe1 28. Qxe1 Qf6 29. Qe4 Nc4 30. Qxc4 Qxf5 31. Rf1 0-1

[Event "Karposh Open 2015"]
[Site "Skopje MKD"]
[Date "2015.03.30"]
[Round "5.45"]
[White "Yazici, Ugur Doga"]
[Black "Palac, Mladen"]
[Result "0-1"]
[WhiteElo "1928"]
[BlackElo "2581"]
[PlyCount "86"]
[EventDate "2015.03.27"]
[EventType "swiss"]
[EventRounds "9"]
[EventCountry "MKD"]
[Source "lmi"]
[SourceDate "2015.03.27"]

1. e4 c5 2. Nf3 e6 3. b3 b6 4. Bb2 Bb7 5. Qe2 Nc6 6. g3 d6 7. Bg2 Nf6 8. O-O
Be7 9. d4 cxd4 10. Nxd4 O-O 11. c4 a6 12. Nxc6 Bxc6 13. Nc3 Qb8 14. a4 Re8 15.
f4 Nd7 16. Rfe1 Qc7 17. Rac1 Bb7 18. Ba3 Nc5 19. b4 Nd7 20. Nd1 a5 21. b5 Nc5
22. Qc2 Bf6 23. Nf2 Bd4 24. Rcd1 e5 25. f5 Rac8 26. Kh1 f6 27. Rc1 Qf7 28. Bf3
Rc7 29. Nd3 Rec8 30. Nxc5 Bxc5 31. Bxc5 Rxc5 32. Qd2 Rxc4 33. Kg2 Rd4 34. Rxc8+
Bxc8 35. Qc2 Bb7 36. Rc1 g6 37. g4 d5 38. exd5 e4 39. Be2 gxf5 40. gxf5 e3 41.
Kh3 Qg7 42. Bh5 Qg5 43. Bf7+ Kg7 0-1

[Event "Karposh Open 2015"]
[Site "Skopje MKD"]
[Date "2015.03.30"]
[Round "5.46"]
[White "Lazov, Toni"]
[Black "Arsovic, Zoran"]
[Result "1/2-1/2"]
[WhiteElo "2115"]
[BlackElo "2428"]
[PlyCount "76"]
[EventDate "2015.03.27"]
[EventType "swiss"]
[EventRounds "9"]
[EventCountry "MKD"]
[Source "lmi"]
[SourceDate "2015.03.27"]

1. e4 c5 2. Nf3 e6 3. d4 cxd4 4. Nxd4 Nc6 5. Nc3 Qc7 6. Be3 Nf6 7. f4 Nxd4 8.
Qxd4 Ng4 9. Nb5 Qc6 10. Bg1 a6 11. Nc3 Qc7 12. h3 Nh6 13. Be3 b5 14. g4 f6 15.
O-O-O Nf7 16. Be2 Bb7 17. g5 fxg5 18. fxg5 Rc8 19. Rhf1 e5 20. Qxd7+ Qxd7 21.
Rxd7 Kxd7 22. Rxf7+ Be7 23. Bg4+ Ke8 24. Bxc8 Bxc8 25. Rf3 Rf8 26. Rxf8+ Bxf8
27. h4 Kf7 28. Ne2 Kg6 29. Ng3 Be6 30. b3 Bb4 31. Bd2 Bc5 32. Kd1 Bg4+ 33. Ke1
h6 34. Bc3 hxg5 35. hxg5 Bd6 36. Bd2 Be7 37. Bc3 Bd6 38. Bd2 Be7 1/2-1/2

[Event "Karposh Open 2015"]
[Site "Skopje MKD"]
[Date "2015.03.30"]
[Round "5.47"]
[White "Halmeenmaki, Tuomo"]
[Black "Yanev, Tihomir"]
[Result "1/2-1/2"]
[WhiteElo "2113"]
[BlackElo "2419"]
[PlyCount "138"]
[EventDate "2015.03.27"]
[EventType "swiss"]
[EventRounds "9"]
[EventCountry "MKD"]
[Source "lmi"]
[SourceDate "2015.03.27"]

1. Nf3 Nf6 2. g3 d5 3. Bg2 c6 4. O-O Bf5 5. d3 e6 6. b3 h6 7. Bb2 a5 8. a3 Be7
9. e3 O-O 10. Qe2 c5 11. a4 Nc6 12. Na3 Qb6 13. Nd2 Bg6 14. Kh1 Nd7 15. f4 Rfe8
16. e4 Nd4 17. Qd1 Rad8 18. c3 Nc6 19. Qe2 c4 20. d4 cxb3 21. Qb5 dxe4 22. Nxe4
Na7 23. Qe2 Nf6 24. Nd2 Rc8 25. Rfc1 Nd5 26. Nac4 Qa6 27. Bf1 Bc2 28. Qf3 Qc6
29. Nxa5 Qb6 30. Nac4 Qc7 31. Bd3 Bxd3 32. Qxd3 b5 33. Ne5 Qb7 34. Kg1 f6 35.
Nef3 e5 36. fxe5 fxe5 37. axb5 Bf8 38. c4 e4 39. Qxb3 exf3 40. cxd5 Rxc1+ 41.
Rxc1 Re2 42. Nxf3 Qxb5 43. Qxb5 Nxb5 44. Ba1 Ra2 45. Ne5 Be7 46. Rb1 Nc7 47.
Rb8+ Kh7 48. Bb2 Nxd5 49. Rb5 Ne3 50. Rb7 Bf6 51. Nd7 Bg5 52. h4 Be7 53. Ne5
Bd6 54. g4 Nd1 55. Nc4 Bg3 56. h5 Ra4 57. Kg2 Rxc4 58. Kxg3 Rc2 59. Ba1 Ra2 60.
Rb1 Ne3 61. Kf4 Nd5+ 62. Ke5 Ra5 63. Kd6 Ne3 64. Kc6 Rg5 65. Rb7 Nc4 66. Re7
Na5+ 67. Kb6 Nc4+ 68. Kc6 Na5+ 69. Kb6 Nc4+ 1/2-1/2

[Event "Karposh Open 2015"]
[Site "Skopje MKD"]
[Date "2015.03.30"]
[Round "5.48"]
[White "Stefanov, Emil"]
[Black "Nikolovski, Nikola"]
[Result "0-1"]
[WhiteElo "2110"]
[BlackElo "2332"]
[PlyCount "112"]
[EventDate "2015.03.27"]
[EventType "swiss"]
[EventRounds "9"]
[EventCountry "MKD"]
[Source "lmi"]
[SourceDate "2015.03.27"]

1. d4 Nf6 2. Nf3 c5 3. e3 e6 4. c4 b6 5. Nc3 Bb7 6. d5 d6 7. e4 exd5 8. exd5
Be7 9. Bd3 O-O 10. O-O Re8 11. h3 Nbd7 12. Bf4 a6 13. a4 Qc7 14. Re1 Bf8 15.
Qd2 g6 16. Bh2 Rad8 17. Qg5 Kh8 18. Qf4 Kg8 19. g4 Bc8 20. Kg2 Rxe1 21. Rxe1
Re8 22. Rxe8 Nxe8 23. Ne4 Qd8 24. Bg3 Ndf6 25. Bh4 Be7 26. Nfg5 Kg7 27. Nxf6
Nxf6 28. Nf3 h6 29. Bg3 Qd7 30. b3 h5 31. Ng5 hxg4 32. h4 Bf8 33. Qd2 Kg8 34.
Bh2 Qe7 35. Bc2 Bg7 36. Qf4 Ne8 37. Bd1 Be5 38. Qe3 f6 39. Bxe5 Qxe5 40. Ne4
Bf5 41. Ng3 Qxe3 42. fxe3 Ng7 43. e4 Bd7 44. Kf2 Kh7 45. Ke3 Kh6 46. Kf4 Nh5+
47. Nxh5 Kxh5 48. Kg3 g5 49. hxg5 Kxg5 50. Be2 f5 51. exf5 Bxf5 52. Bd1 a5 53.
Be2 Bc2 54. Bxg4 Bxb3 55. Bd7 Bxc4 56. Bc6 Kf5 0-1

[Event "Karposh Open 2015"]
[Site "Skopje MKD"]
[Date "2015.03.30"]
[Round "5.49"]
[White "Saraci, Nderim"]
[Black "Ilic, Zoran S"]
[Result "1/2-1/2"]
[WhiteElo "2108"]
[BlackElo "2295"]
[PlyCount "54"]
[EventDate "2015.03.27"]
[EventType "swiss"]
[EventRounds "9"]
[EventCountry "MKD"]
[Source "lmi"]
[SourceDate "2015.03.27"]

1. Nf3 c5 2. c4 Nc6 3. g3 g6 4. Bg2 Bg7 5. O-O d6 6. Nc3 e6 7. Rb1 Nge7 8. e3
Nf5 9. b3 O-O 10. Bb2 Rb8 11. d3 a6 12. Ne2 e5 13. Nc3 Nfe7 14. Nd2 b5 15. cxb5
axb5 16. a4 bxa4 17. bxa4 Nb4 18. Ba3 Ba6 19. Bxb4 cxb4 20. Nb5 Bxb5 21. axb5
Rxb5 22. Qa4 Qb6 23. Nc4 Qc5 24. Nxd6 Rb6 25. Nc4 Rbb8 26. Rb3 Rfd8 27. Rfb1
Nd5 1/2-1/2

[Event "Karposh Open 2015"]
[Site "Skopje MKD"]
[Date "2015.03.30"]
[Round "5.50"]
[White "Kanakaris, Georgios"]
[Black "Yordanova, Svetla"]
[Result "1-0"]
[WhiteElo "2291"]
[BlackElo "2101"]
[PlyCount "71"]
[EventDate "2015.03.27"]
[EventType "swiss"]
[EventRounds "9"]
[EventCountry "MKD"]
[Source "lmi"]
[SourceDate "2015.03.27"]

1. d4 Nf6 2. c4 e6 3. Nc3 Bb4 4. e3 c5 5. Bd3 O-O 6. Nf3 d5 7. O-O Nc6 8. a3
Bxc3 9. bxc3 dxc4 10. Bxc4 Qc7 11. Bb2 e5 12. h3 Bf5 13. Qe2 Rac8 14. Ba2 e4
15. Nd2 Rfd8 16. Rac1 b5 17. dxc5 Ne5 18. c4 Nd3 19. Rc2 b4 20. Bxf6 gxf6 21.
axb4 Nxb4 22. Rb2 Nd3 23. Rb5 Ne5 24. Bb1 a6 25. Rb6 Bxh3 26. Nxe4 Be6 27.
Nxf6+ Kf8 28. Qh5 Qxc5 29. Qh6+ Ke7 30. Rb7+ Rc7 31. Rxc7+ Qxc7 32. Qh4 Kd6 33.
Rd1+ Kc6 34. Qe4+ Kb6 35. Rxd8 Qxd8 36. Qxe5 1-0

[Event "Karposh Open 2015"]
[Site "Skopje MKD"]
[Date "2015.03.30"]
[Round "5.51"]
[White "Zupe, Miran"]
[Black "Sidorov, Anton"]
[Result "1-0"]
[WhiteElo "2277"]
[BlackElo "2090"]
[PlyCount "109"]
[EventDate "2015.03.27"]
[EventType "swiss"]
[EventRounds "9"]
[EventCountry "MKD"]
[Source "lmi"]
[SourceDate "2015.03.27"]

1. d4 Nf6 2. Nf3 g6 3. Bf4 Bg7 4. e3 O-O 5. h3 d6 6. Be2 c5 7. c3 b6 8. O-O Bb7
9. Nbd2 Nbd7 10. Re1 Re8 11. Bh2 Qc7 12. a4 a6 13. Bf1 Rac8 14. Qb3 h6 15. Rad1
Qb8 16. Bc4 Rf8 17. Be2 Qa8 18. Bf1 Ne4 19. Nxe4 Bxe4 20. Nd2 Bb7 21. Bg3 Rfe8
22. f3 d5 23. f4 e6 24. Nf3 a5 25. Ne5 Nxe5 26. fxe5 Qa7 27. Qc2 Ba6 28. Rd2
Bxf1 29. Rxf1 Qe7 30. Rdf2 Rf8 31. Kh2 Kh7 32. Rf3 f5 33. exf6 Bxf6 34. Qd3 c4
35. Qc2 Bg7 36. e4 Rxf3 37. Rxf3 Rf8 38. Rxf8 Bxf8 39. Qe2 Qd7 40. exd5 exd5
41. Qe5 Be7 42. Qb8 Bd8 43. Qe5 Be7 44. Qc7 Qe6 45. Qb8 g5 46. Qe8 g4 47. hxg4
Qf6 48. Qh5 Qe6 49. Qf5+ Qxf5 50. gxf5 Bd8 51. Be5 Kg8 52. Kh3 h5 53. Bg3 Kf7
54. Bh4 Bc7 55. Bg5 1-0

[Event "Karposh Open 2015"]
[Site "Skopje MKD"]
[Date "2015.03.30"]
[Round "5.52"]
[White "Blagojevic, Tijana"]
[Black "Velickovski-Nejkovic, Maja"]
[Result "1-0"]
[WhiteElo "2268"]
[BlackElo "2061"]
[PlyCount "39"]
[EventDate "2015.03.27"]
[EventType "swiss"]
[EventRounds "9"]
[EventCountry "MKD"]
[Source "lmi"]
[SourceDate "2015.03.27"]

1. e4 d6 2. d4 Nf6 3. Nc3 e5 4. Nf3 Nbd7 5. Bc4 Be7 6. a4 a5 7. O-O O-O 8. Re1
c6 9. h3 Qc7 10. Ba2 Rb8 11. Be3 h6 12. Nh4 exd4 13. Bxd4 Re8 14. Nf5 Ne5 15.
Nxe7+ Qxe7 16. f4 Ng6 17. Qf3 Be6 18. Bxe6 Qxe6 19. f5 Ne5 20. fxe6 1-0